000 00435nam a2200145 i 4500
001 50444
003 ES-MaACL
007 t|
008 030804s1982 sp ||||1| spa d
100 1 _aCuadrado Alvárez, Rafael.
_941890
245 1 0 _aTeoría de la materia /
_cRafael Cuadrado Alvarez.
260 _aMadrid :
_b[s.n.,
_c1982] (
_fHeliotipia Artística Española)
300 _a400 p. ;
_c24 cm.
852 _aES-MaACL
_jL-5125
_bR.105748
999 _c50444
_d50444